[Event "Gibraltar Masters 2019"]
[Site "Caleta ENG"]
[Date "2019.01.24"]
[Round "3.50"]
[White "Santos Latasa,J"]
[Black "Krishna Teja,N"]
[Result "1/2-1/2"]
[WhiteElo "2581"]
[BlackElo "2371"]

1.e4 c6 2.d4 d5 3.e5 Bf5 4.Nf3 e6 5.Be2 c5 6.Be3 cxd4 7.Nxd4 Ne7 8.O-O Nbc6
9.Bb5 a6 10.Bxc6+ Nxc6 11.Nxf5 exf5 12.c3 Be7 13.Nd2 O-O 14.Nf3 f6 15.exf6 Bxf6
16.Qd3 Qd6 17.Rad1 f4 18.Bb6 Nb4 19.cxb4 Qxb6 20.Qxd5+ Kh8 21.Qd2 a5 22.bxa5 Qxb2
23.Qxf4 Qxa2 24.Qe4 Qxa5 25.Qxb7 Rab8 26.Qe4 Rfe8 27.Qg4 Qb4 28.Qh3 Qf4 29.Rfe1 Rxe1+
30.Rxe1 Bc3 31.Rd1 Qa4 32.Rf1 Bf6 33.Qh5 Qe8 34.Qg4 Qc8 35.Qf4 h6 36.h3 Ra8
37.Qe4 Qe8 38.Qf5 Qc8 39.Qf4 Qb8 40.Qd2 Qd8 41.Qxd8+ Rxd8 42.Re1 h5 43.g3 Kg8
44.Kg2 Kf7 45.Re4 Ra8 46.Re2 Ra4 47.Rc2 Ke6 48.Rc5 g6 49.Rc6+ Kf7 50.Nd2 Rd4
51.Nc4 Ke7 52.h4 Rd3 53.Ne3 Kf7 54.Kf3 Rd2 55.Nc4 Rd3+ 56.Ke2 Rc3 57.Nd6+ Ke7
58.Ra6 Rc2+ 59.Ke3 Be5 60.Ne4 Kf7 61.Ra7+ Kg8 62.Ra5 Bb2 63.Ra8+ Kg7 64.Ra7+ Kg8
65.Kd3 Rc6 66.Ra2 Bf6 67.Ra8+ Kf7 68.Ra7+ Ke6 69.Rb7 Be7 70.Ke3 Rc4 71.Rb6+ Kf5
72.Rb5+ Ke6 73.Kf3 Ra4 74.Nd2 Rb4 75.Ra5 Rd4 76.Nf1 Rd5 77.Ra2 Bc5 78.Kg2 Rf5
79.f3 Re5 80.Rc2 Kf7 81.Nh2 Rd5 82.Nf1 Re5 83.f4 Rd5 84.Nh2 Be7 85.Nf3 Bf6
86.Ne1 Rd1 87.Kf2 Rb1 88.Rc7+ Ke6 89.Rc6+ Kf7 90.Nd3 Rb5 91.Ra6 Rb1 92.Kf3 Ra1
93.Rb6 Ra3 94.Ke3 Ra5 95.Rb4 Ra1 96.Rb7+ Ke6 97.Rb6+ Kf7 98.Rc6 Ra3 99.Rc5 Ra1
100.Rb5 Ra3 101.f5 Be7 102.fxg6+ Kxg6 103.Rd5 Kh6 104.Kf2 Ra2+ 105.Ke3 Ra3
106.Rd7 Bf6 107.Rd6 Kg7 108.Kf2 Ra4 109.Nf4 Bxh4 110.Nxh5+ Kf7 111.gxh4 Rxh4
112.Ng3 Rf4+ 113.Ke3 Rf6 114.Rd1 Ra6 115.Kf4 Ra4+ 116.Ne4 Ra5 117.Rd6 Ke7
118.Rh6 Ra1 119.Ke5 Ra5+ 120.Kd4 Ra1 121.Kd5 Rf1 122.Re6+ Kf7 123.Nd6+ Kg7
124.Re2 Kf6 125.Re8 Rd1+ 126.Kc6 Rh1 127.Re2 Rf1 128.Kd7 Rd1 129.Re6+ Kg5
130.Ke7 Kf4 131.Rf6+ Ke3 132.Nc4+ Ke2 133.Ke6 Rd4 134.Nb6 Re4+ 135.Kd5 Re8
136.Kd4 Rh8 137.Rf4 Re8 138.Nd5 Rd8 139.Rf7 Rd6 140.Rf8 Rd7 141.Ke4 Ra7 142.Nf4+ Kd2
143.Rd8+ Kc2 144.Ne6 Re7 145.Rd6 Rh7 146.Nd4+ Kc3 147.Rc6+ Kb4 148.Nf3 Rd7
149.Rc1 Rd8 150.Ne5 Rh8 151.Nc6+ Kb5 152.Kd5 Kb6 153.Ne5 Rd8+ 154.Ke6 Rd4
155.Nc4+ Kb5 156.Nd6+ Kb4 157.Ke5 Rh4 158.Ne4 Rh8 159.Nf6 Kb3 160.Kd4 Kb2
161.Rc7 Rd8+ 162.Nd5 Rb8  1/2-1/2

[Event "Gibraltar Masters 2019"]
[Site "Caleta ENG"]
[Date "2019.01.24"]
[Round "3.49"]
[White "Cornette,M"]
[Black "Lombaers,P"]
[Result "1-0"]
[WhiteElo "2587"]
[BlackElo "2372"]

1.e4 c5 2.Nf3 e6 3.d4 cxd4 4.Nxd4 Nc6 5.Nc3 Qc7 6.Be3 a6 7.a3 b5 8.Nxc6 Qxc6
9.Be2 Bb7 10.O-O Bc5 11.Bd4 f6 12.Bxb5 axb5 13.Qh5+ g6 14.Qxc5 Qxc5 15.Bxc5 Bc6
16.Rad1 Ne7 17.Rfe1 Kf7 18.Na2 Rhc8 19.Nb4 f5 20.f3 Ng8 21.Nxc6 Rxc6 22.Rxd7+ Kf6
23.e5+ Kg5 24.f4+ Kxf4 25.Be3+ Kxe5 26.Bg5+  1-0

[Event "Gibraltar Masters 2019"]
[Site "Caleta ENG"]
[Date "2019.01.24"]
[Round "3.48"]
[White "Moussard,J"]
[Black "Arakhamia-Grant,K"]
[Result "1-0"]
[WhiteElo "2605"]
[BlackElo "2372"]

1.e4 c5 2.Nf3 Nc6 3.Nc3 e5 4.Bc4 Be7 5.d3 d6 6.O-O Nf6 7.Ng5 O-O 8.f4 h6
9.Nf3 exf4 10.Bxf4 Be6 11.Nd5 Nb4 12.Nxb4 cxb4 13.Bxe6 fxe6 14.Qd2 Rc8 15.Rae1 e5
16.Be3 a5 17.c4 bxc3 18.bxc3 Qc7 19.c4 d5 20.cxd5 Bb4 21.Qb2 Bxe1 22.Rxe1 Nd7
23.Qb5 b6 24.h3 Qd6 25.Nd2 Rc2 26.Qb3 Rfc8 27.Nc4 Qb4 28.Rb1 Qxb3 29.Rxb3 Rxa2
30.d6 a4 31.Rb4 Rc6 32.Kh2 Kf7 33.Bxb6 a3 34.Ba5 Ke6 35.Rb3 Ra6 36.Bb4 Rc2
37.Bxa3 Ra4 38.Kg3 g5 39.Ne3 Ra2 40.Bc1 Kxd6 41.Nf5+ Ke6 42.Rc3 Ra6 43.Nxh6 Nf6
44.Kf3 Ne8 45.Ng4 Nd6 46.Bxg5 Nb5 47.Rc8 Nd4+ 48.Kg3 Ra8 49.Rc7 R8a7 50.Rxa7 Rxa7
51.Be3 Rd7 52.Bxd4 Rxd4 53.Nf2 Rd8 54.Kf3 Rf8+ 55.Ke3 Rg8 56.g4 Rh8 57.Kf3 Kf6
58.Kg3 Kg5 59.h4+ Kg6 60.h5+ Kg5 61.Nh3+ Kh6 62.Kh4 Rd8 63.Nf2 Rd6 64.g5+ Kg7
65.g6 Kf6 66.Ng4+ Ke6 67.h6  1-0

[Event "Gibraltar Masters 2019"]
[Site "Caleta ENG"]
[Date "2019.01.24"]
[Round "3.23"]
[White "Stefanova,A"]
[Black "Adhiban,Baskaran"]
[Result "0-1"]
[WhiteElo "2486"]
[BlackElo "2689"]

1.d4 Nf6 2.Nf3 b6 3.Bf4 Bb7 4.e3 Nh5 5.Bg5 h6 6.Bh4 g5 7.Ne5 Ng7 8.Bg3 d6
9.Nc4 Nf5 10.Nc3 Bg7 11.d5 c6 12.e4 Nxg3 13.hxg3 b5 14.Ne3 b4 15.Na4 Qa5
16.b3 Nd7 17.Bc4 Bxa1 18.Qxa1 O-O-O 19.Nf5 Kb8 20.Nxe7 Rhe8 21.Nxc6+ Bxc6
22.dxc6 Rxe4+ 23.Kd2 Ne5 24.Bd3 Qd5 25.f3 Rd4 26.Nb2 Re8 27.c7+ Kxc7 28.a3 Qc5
29.axb4 Rxb4 30.Qa6 Kb8 31.Rxh6 Qf2+ 32.Kc1 Qe1+ 33.Nd1 Rb6  0-1

[Event "Gibraltar Masters 2019"]
[Site "Caleta ENG"]
[Date "2019.01.24"]
[Round "3.47"]
[White "Anton Guijarro,D"]
[Black "Guichard,P"]
[Result "1/2-1/2"]
[WhiteElo "2642"]
[BlackElo "2378"]

1.c4 Nf6 2.Nc3 g6 3.e4 d6 4.d4 Bg7 5.h3 O-O 6.Be3 c5 7.Nf3 cxd4 8.Nxd4 b6
9.g3 Bb7 10.Bg2 Nbd7 11.O-O Rb8 12.Qc2 a6 13.a4 e6 14.Rad1 Qc7 15.b3 Rbc8
16.f4 Rfd8 17.Nde2 Nc5 18.g4 Qb8 19.Ng3 Qa8 20.g5 Ne8 21.Rfe1 Nc7 22.Kh2 d5
23.Bxc5 bxc5 24.e5 h6 25.h4 hxg5 26.hxg5 Bc6 27.Rd2 Rb8 28.Red1 Bf8 29.cxd5 Nxd5
30.Nxd5 Bxd5 31.Bxd5 Rxd5 32.Rxd5 exd5 33.f5 Qc6 34.fxg6 Qxg6 35.Qxg6+ fxg6
36.Rxd5 Rxb3 37.Ne4 Kf7 38.Nxc5 Bxc5 39.Rxc5 Ke6 40.Rc6+ Kxe5 41.Rxg6 Kf5
42.Rxa6 Kxg5 43.a5 Rb8 44.Kg3 Kf5 45.Ra7 Ke5  1/2-1/2

[Event "Gibraltar Masters 2019"]
[Site "Caleta ENG"]
[Date "2019.01.24"]
[Round "3.42"]
[White "Sidhant,M"]
[Black "Goryachkina,A"]
[Result "1/2-1/2"]
[WhiteElo "2344"]
[BlackElo "2518"]

1.c4 c6 2.Nf3 d5 3.e3 Nf6 4.Nc3 e6 5.Qc2 Bd6 6.b3 O-O 7.Bb2 e5 8.d4 e4 9.Nd2 Na6
10.a3 Nc7 11.h3 b6 12.b4 Re8 13.c5 Bf8 14.Nb3 Ba6 15.Bxa6 Nxa6 16.Qe2 Nc7
17.O-O b5 18.a4 a6 19.axb5 axb5 20.Rxa8 Qxa8 21.Ra1 Qc8 22.Ra7 Qb8 23.Ra1 Re6
24.Bc1 Nfe8 25.Qa2 Qc8 26.Ne2 g5 27.Qa7 Rh6 28.Qb6 g4 29.h4 Be7 30.g3 Bxh4
31.gxh4 Qd8 32.h5 Rxh5 33.Ng3 Rh6 34.Nd2 Qh4 35.Ndf1 Rf6 36.Qb8 Kg7 37.Qd8 Kg6
38.Ra8 Ne6 39.Qxe8 Ng5 40.Qg8+ Kh6 41.Qf8+  1/2-1/2

[Event "Gibraltar Masters 2019"]
[Site "Caleta ENG"]
[Date "2019.01.24"]
[Round "3.41"]
[White "Zanan,E"]
[Black "Zuo,Yifan"]
[Result "1/2-1/2"]
[WhiteElo "2528"]
[BlackElo "2298"]

1.d4 Nf6 2.c4 e6 3.Nf3 b6 4.g3 Bb4+ 5.Bd2 Bxd2+ 6.Qxd2 Bb7 7.Bg2 O-O 8.O-O d6
9.Qc2 c5 10.Rd1 cxd4 11.Rxd4 Nc6 12.Rd2 Qc7 13.Nc3 d5 14.Nb5 Qe7 15.cxd5 Nxd5
16.e4 Ndb4 17.Qd1 Rad8 18.Nd6 Ba6 19.Bf1 Bxf1 20.Kxf1 Na5 21.Kg2 Nd5 22.Nxf7 Qxf7
23.exd5 Rxd5 24.Rxd5 exd5 25.Qd3 d4 26.b3 Nb7 27.b4 a5 28.a3 Qd5 29.Re1 Nd6
30.Re3 Qf7 31.Re5 Nc4 32.Re4 Ne3+ 33.fxe3 Qxf3+ 34.Kh3 Qf5+ 35.Kg2 Qf3+ 36.Kh3 Qf5+
37.Kg2  1/2-1/2

[Event "Gibraltar Masters 2019"]
[Site "Caleta ENG"]
[Date "2019.01.24"]
[Round "3.40"]
[White "Merario Alarcon,Andres"]
[Black "Hjartarson,J"]
[Result "0-1"]
[WhiteElo "2405"]
[BlackElo "2530"]

1.d4 Nf6 2.c4 e6 3.Nf3 Bb4+ 4.Nbd2 b6 5.a3 Bxd2+ 6.Qxd2 Bb7 7.e3 O-O 8.Be2 a5
9.b3 d6 10.O-O Nbd7 11.Bb2 Qe7 12.b4 h6 13.Rfd1 Rfd8 14.Qc2 Be4 15.Qc3 c6
16.Nd2 Bh7 17.f3 d5 18.c5 bxc5 19.dxc5 e5 20.Nb3 axb4 21.axb4 Qe6 22.Na5 Rdb8
23.e4 Nxe4 24.fxe4 Bxe4 25.Bf1 d4 26.Qd2 Bd5 27.Re1 Nf6 28.Bd3 Qg4 29.Nc4 Rxa1
30.Bxa1 e4 31.Bf1 e3 32.Qxd4 e2 33.Ne3 exf1=Q+ 34.Rxf1 Qg6 35.Qb2 Be6 36.Qd2 Nd5
37.Nxd5 Bxd5 38.Bc3 Ra8 39.h3 Ra2 40.Bb2 Bxg2  0-1

[Event "Gibraltar Masters 2019"]
[Site "Caleta ENG"]
[Date "2019.01.24"]
[Round "3.39"]
[White "Puranik,A"]
[Black "Martinez Martin,D"]
[Result "1-0"]
[WhiteElo "2536"]
[BlackElo "2416"]

1.Nf3 c5 2.g3 Nc6 3.c4 g6 4.Nc3 Bg7 5.Bg2 e5 6.d3 Nge7 7.O-O O-O 8.a3 a5
9.Rb1 d6 10.Bd2 Rb8 11.Ne1 Be6 12.Nd5 b5 13.Nc2 Nd4 14.Bxa5 Qd7 15.Nce3 Nec6
16.Bc3 f5 17.f4 bxc4 18.Nxc4 e4 19.dxe4 fxe4 20.Bxe4 Qf7 21.Nce3 Rbe8 22.Rf2 Ne5
23.Bg2 Ng4 24.Nxg4 Bxg4 25.Kh1 Nxe2 26.Qd2 Qf5 27.Rbf1 Qh5 28.Bxg7 Nxg3+
29.Kg1 Ne2+ 30.Rxe2 Rxe2 31.Qc3 Rxg2+ 32.Kxg2 Qxd5+ 33.Kg3 Qh5 34.h4 g5 35.Bxf8 gxh4+
36.Kh2 Kxf8 37.Qf6+ Ke8 38.Qxd6 Bd7 39.Qe5+  1-0

[Event "Gibraltar Masters 2019"]
[Site "Caleta ENG"]
[Date "2019.01.24"]
[Round "3.38"]
[White "Horvath,Dominik"]
[Black "Muzychuk,M"]
[Result "0-1"]
[WhiteElo "2417"]
[BlackElo "2540"]

1.Nf3 d5 2.d4 Nf6 3.c4 e6 4.Nc3 c6 5.Bg5 h6 6.Bxf6 Qxf6 7.e3 Nd7 8.Be2 g6
9.e4 dxe4 10.Nxe4 Bb4+ 11.Kf1 Qf4 12.Qc2 Be7 13.g3 Qc7 14.h4 f5 15.Nc3 e5
16.h5 e4 17.Nxe4 fxe4 18.Qxe4 g5 19.c5 Kd8 20.Bc4 Rf8 21.Kg2 Nf6 22.Qg6 Ng4
23.Rhe1 Bf5 24.Qg7 Bd6 25.Qxc7+ Bxc7 26.d5 b5 27.Bb3 Ba5 28.Re2 Bd3 29.Re6 Nxf2
30.Nd4 Be4+ 31.Kh2 cxd5 32.Nc6+ Kd7 33.Rd6+ Kc7 34.Nxa5 Ng4+ 35.Kh3 Nf2+
36.Kh2 Ng4+ 37.Kh3 Ne3 38.Rc6+ Kd7 39.Bd1 Rf2 40.Rd6+ Kc7 41.Rc6+ Kd7 42.Rd6+ Ke7
43.Nc6+ Kf8 44.Ne5 Nf1 45.Nf3 Bxf3 46.Rf6+ Ke7 47.Rxf3 g4+ 48.Kxg4 Nh2+ 49.Kf4 Nxf3
50.Ke3 Rf1  0-1

[Event "Gibraltar Masters 2019"]
[Site "Caleta ENG"]
[Date "2019.01.24"]
[Round "3.37"]
[White "Koneru,H"]
[Black "Kavutskiy,K"]
[Result "1-0"]
[WhiteElo "2541"]
[BlackElo "2424"]

1.d4 Nf6 2.c4 g6 3.Nc3 Bg7 4.e4 d6 5.Be2 O-O 6.Be3 Na6 7.Nf3 e5 8.dxe5 dxe5
9.Qc2 Nh5 10.Rd1 Qe7 11.c5 c6 12.Bxa6 bxa6 13.Rd6 Nf4 14.O-O Rb8 15.Bxf4 exf4
16.Rxc6 Bg4 17.Nd5 Qe8 18.b3 Kh8 19.Rxa6 Bxf3 20.gxf3 Qc8 21.Ra4 Qh3 22.Nxf4 Qxf3
23.Ng2 Rbc8 24.c6 f5 25.Re1 fxe4 26.Rc4 Be5 27.Rexe4 Qf6 28.Ne3 h5 29.f4 Bd6
30.Nd5 Qf7 31.Qc3+ Kh7 32.Ne3 Rfe8 33.a4 Bc7 34.Kg2 a5 35.Rxe8 Rxe8 36.Rd4 Re7
37.Qc4 Qe8 38.Nd5 Re6 39.Re4 Bd6 40.Nf6+  1-0

[Event "Gibraltar Masters 2019"]
[Site "Caleta ENG"]
[Date "2019.01.24"]
[Round "3.36"]
[White "Ramirez,Alej"]
[Black "Buksa,N"]
[Result "1-0"]
[WhiteElo "2567"]
[BlackElo "2420"]

1.b3 Nf6 2.Bb2 d5 3.Nf3 e6 4.e3 c5 5.d4 Nc6 6.Nbd2 Be7 7.dxc5 Bxc5 8.a3 a6
9.b4 Be7 10.c4 O-O 11.Rc1 Qd6 12.Be2 Rd8 13.O-O Ng4 14.h3 Bf6 15.Bxf6 Nxf6
16.cxd5 Nxd5 17.Qc2 Bd7 18.Ne4 Qe7 19.Nc5 Be8 20.Rfd1 h6 21.Qb2 Rac8 22.Bc4 Nf6
23.Rxd8 Rxd8 24.Be2 Nd5 25.Bc4 Nf6 26.Be2 Nd5 27.Nd2 a5 28.b5 Na7 29.a4 Rc8
30.Nd3 Nb6 31.Rxc8 Naxc8 32.Qd4 Qc7 33.Bd1 Nd6 34.Qc5 Qd8 35.Bc2 g6 36.e4 Nbc8
37.e5 Nf5 38.Ne4 b6 39.Nf6+ Kg7 40.Qc7 Qxc7 41.Nxe8+  1-0

[Event "Gibraltar Masters 2019"]
[Site "Caleta ENG"]
[Date "2019.01.24"]
[Round "3.35"]
[White "Szczepkowska Horowska,K"]
[Black "Muzychuk,A"]
[Result "1/2-1/2"]
[WhiteElo "2426"]
[BlackElo "2569"]

1.d4 d5 2.c4 c6 3.Nf3 Nf6 4.e3 Bg4 5.Qb3 Qb6 6.Nc3 e6 7.Nh4 Bh5 8.h3 Be7
9.g4 Bg6 10.Nxg6 hxg6 11.Bg2 g5 12.Bd2 Nbd7 13.O-O Nf8 14.Qxb6 axb6 15.b3 Ng6
16.Rfe1 Nh4 17.Bh1 Ng6 18.Bg2 Nh4 19.Bh1 Ng6  1/2-1/2

[Event "Gibraltar Masters 2019"]
[Site "Caleta ENG"]
[Date "2019.01.24"]
[Round "3.34"]
[White "Yuffa,D"]
[Black "Cornette,Deimante"]
[Result "1/2-1/2"]
[WhiteElo "2578"]
[BlackElo "2448"]

1.d4 d5 2.c4 e6 3.Nf3 a6 4.Bg5 Be7 5.Bxe7 Qxe7 6.Nbd2 Nf6 7.g3 Nbd7 8.Bg2 O-O
9.O-O c6 10.Qc2 e5 11.cxd5 Nxd5 12.e4 N5f6 13.Nc4 exd4 14.Nxd4 Qc5 15.Nb3 Qh5
16.f4 Nc5 17.f5 Nxb3 18.axb3 Qg5 19.Rae1 Ne8 20.e5 Nc7 21.Qf2 g6 22.f6 Be6
23.h4 Qh6 24.Nd6 Rab8 25.Bf3 Rfd8 26.g4 Nb5 27.g5 Qf8 28.Ne4 h5 29.gxh6 Qxh6
30.Ng5 Nd4 31.Be4 Bxb3 32.Qg3 c5 33.Rf2 Qh5 34.Bb1 Be6 35.Nxe6 Nxe6 36.Rf5 Qh6
37.h5 Kf8 38.hxg6 Qxg6 39.Qxg6 fxg6 40.Rf2 Rd4 41.Rh2 Kg8 42.Rh6 Rbd8 43.Bxg6 Rg4+
44.Kf2 Rd2+ 45.Kf3 Rdg2 46.Bh7+ Kf7 47.Rh5 R4g3+ 48.Ke4 Rxb2 49.Rf1 Rb4+
50.Kf5 Nd4+ 51.Kf4 Ne2+ 52.Kf5 Nd4+ 53.Kf4 Ne2+ 54.Kf5 Nd4+  1/2-1/2

[Event "Gibraltar Masters 2019"]
[Site "Caleta ENG"]
[Date "2019.01.24"]
[Round "3.33"]
[White "Abel,D"]
[Black "Antipov,M2"]
[Result "1/2-1/2"]
[WhiteElo "2458"]
[BlackElo "2589"]

1.d4 Nf6 2.c4 g6 3.Nc3 d5 4.Bf4 Bg7 5.e3 c6 6.Nf3 a6 7.Rc1 O-O 8.Bd3 dxc4
9.Bxc4 Nbd7 10.O-O b5 11.Be2 Bb7 12.b4 a5 13.a3 axb4 14.axb4 Ra3 15.Ne1 e6
16.Bd6 Rxc3 17.Rxc3 Ne4 18.Rxc6 Bxc6 19.Bxf8 Bxf8 20.Qc2 Qa8 21.Nd3 Nd6 22.g3 Nc4
23.Nb2 Nxb2 24.Qxb2 Nb6 25.Ra1 Qb7 26.Qa3 Qd7 27.Qb3 Nd5 28.Bf3 Nxb4 29.Bxc6 Qxc6
30.Rb1 h5 31.h4 Bd6 32.Qb2 Qb7 33.Qa3 Bf8 34.Qa5 Qc6 35.Rxb4 Bxb4 36.Qxb4 Qa6
37.e4 Qa4 38.Qc5 Qd1+ 39.Kh2 Qd2 40.d5 exd5 41.exd5 b4 42.d6 b3 43.Qb6 b2
44.d7 Qxd7  1/2-1/2

[Event "Gibraltar Masters 2019"]
[Site "Caleta ENG"]
[Date "2019.01.24"]
[Round "3.118"]
[White "Munoz,Ra"]
[Black "Nikolaidis,K"]
[Result "0-1"]
[WhiteElo "2040"]
[BlackElo "2167"]

1.e4 c6 2.d4 d5 3.e5 c5 4.c3 Nc6 5.Nf3 Bg4 6.Be2 e6 7.Be3 Nge7 8.O-O Nf5
9.Nbd2 h6 10.Nb3 c4 11.Nbd2 b5 12.h3 Bh5 13.Ne1 Bg6 14.Bf4 Be7 15.g4 Nh4
16.Bg3 Qb6 17.Ng2 Nxg2 18.Kxg2 f6 19.f4 fxe5 20.f5 Bf7 21.dxe5 O-O-O 22.b3 Bg5
23.Nf3 Be3 24.Qc2 Ne7 25.a4 a6 26.Rfb1 Qc6 27.axb5 axb5 28.Nd4 Bxd4 29.cxd4 Rd7
30.Bf3 Rc7 31.bxc4 bxc4 32.h4 Kd7 33.f6 Bg6 34.Qc1 Bxb1 35.Rxb1 Nc8 36.fxg7 Rg8
37.Qxh6 Rb7 38.Rxb7+ Qxb7 39.Bd1 Qa7 40.h5 Qa2+ 41.Kh3 Qa1 42.Qh7 Ne7 43.Bc2 Qh1+
44.Bh2 Ra8 45.g8=Q Rxg8 46.Ba4+ Kd8 47.Qf7 Qa1 48.Qxe6 Qxa4 49.Qb6+ Ke8 50.Qb8+ Kf7
51.Qd6 Qb3+ 52.Kh4 Rxg4+ 53.Kxg4 Qd1+ 54.Kh3 Qxh5+ 55.Kg2 Qe2+ 56.Kh3 Qf3+
57.Bg3 Qxg3+ 58.Kxg3 Nf5+ 59.Kf2 Nxd6  0-1

[Event "Gibraltar Masters 2019"]
[Site "Caleta ENG"]
[Date "2019.01.24"]
[Round "3.15"]
[White "Deac,Bogdan-Daniel"]
[Black "Ladron de Guevara Pinto,P"]
[Result "1-0"]
[WhiteElo "2603"]
[BlackElo "2418"]

1.Nf3 d5 2.d4 Nf6 3.c4 e6 4.Nc3 Be7 5.g3 O-O 6.Bg2 dxc4 7.Ne5 Nc6 8.Bxc6 bxc6
9.Nxc6 Qe8 10.Nxe7+ Qxe7 11.Qa4 a5 12.Bg5 Qb4 13.Qc2 Nd5 14.O-O f6 15.Bd2 Qb6
16.Rfd1 Nb4 17.Qc1 Bb7 18.Be3 Nd5 19.f3 a4 20.Ne4 Nxe3 21.Qxe3 Bxe4 22.Qxe4 a3
23.bxa3 Rxa3 24.Rac1 Ra4 25.Kf1 f5 26.Qe5 Qd6 27.Qb5 Rxa2 28.Rxc4 Ra6 29.Rxc7 Qxc7
30.Qxa6 Qd7 31.Qb6 Rc8 32.Ra1 Rc7 33.Ra8+ Kf7 34.Kg2 h6 35.h4 Kg6 36.Ra6 Kf7
37.d5 exd5 38.Qg6+ Kg8 39.Re6 Rc8 40.Qxf5 Rd8 41.Qe5 Qf7 42.Re7 Qf8 43.Qe6+ Kh8
44.g4 Qf4 45.Rxg7  1-0

[Event "Gibraltar Masters 2019"]
[Site "Caleta ENG"]
[Date "2019.01.24"]
[Round "3.30"]
[White "Vocaturo,D"]
[Black "Javakhishvili,L"]
[Result "1-0"]
[WhiteElo "2626"]
[BlackElo "2452"]

1.e4 c5 2.Nf3 e6 3.d4 cxd4 4.Nxd4 Nc6 5.Nc3 Qc7 6.f4 a6 7.Nxc6 bxc6 8.Bd3 d5
9.O-O Nf6 10.Qe2 Be7 11.Bd2 O-O 12.Rae1 g6 13.b3 a5 14.Rf3 dxe4 15.Nxe4 Nxe4
16.Bxe4 Ba6 17.Qf2 Rfd8 18.Bc3 Bb4 19.Bxb4 axb4 20.c3 Rab8 21.h4 c5 22.h5 Bb7
23.Bxb7 Rxb7 24.hxg6 hxg6 25.Rh3 Rd5 26.c4 Rf5 27.g4 Rxf4 28.Qh4 Kf8 29.Rd1 Rb8
30.Qh6+ Ke8 31.Qg5 Kf8 32.Rdd3 Kg7 33.Qh6+ Kf6 34.Qh4+ Kg7 35.Rdf3 Rxf3 36.Qh6+ Kf6
37.Rxf3+  1-0

[Event "Gibraltar Masters 2019"]
[Site "Caleta ENG"]
[Date "2019.01.24"]
[Round "3.29"]
[White "Harika,D"]
[Black "Indjic,A"]
[Result "1/2-1/2"]
[WhiteElo "2471"]
[BlackElo "2630"]

1.e4 e5 2.Nf3 Nc6 3.Bc4 Bc5 4.c3 Nf6 5.d4 exd4 6.e5 d5 7.Bb5 Ne4 8.cxd4 Bb4+
9.Bd2 Nxd2 10.Nbxd2 O-O 11.O-O Ne7 12.a3 Ba5 13.Nb3 Bb6 14.Bd3 Nf5 15.Qc2 g6
16.Rfe1 Qe7 17.Re2 Ng7 18.h3 Ne6 19.Qd2 a5 20.a4 f5 21.Ree1 g5 22.Bc2 g4
23.hxg4 fxg4 24.Nh2 Qh4 25.Re3 Nf4 26.Rae1 Be6 27.Rg3 h5 28.Nc5 Bxc5 29.dxc5 Qg5
30.Qd1 Rf7 31.Nf3 Qe7 32.Nd4 Qxc5 33.Rc3 Qe7 34.Bb1 Raf8 35.Qc2 c6 36.Rb3 Rg7
37.Qd2 h4 38.Kh1 g3 39.Rf3 Nxg2 40.Kxg2 h3+ 41.Kh1 Rxf3 42.Nxf3 Bg4 43.Nd4 g2+
44.Kh2 c5 45.Nb5 Be6 46.Qh6 Bf5 47.Qf6 Qxf6 48.exf6 g1=Q+ 49.Rxg1 Rxg1 50.Bxf5 Rg2+
51.Kxh3 Rxf2 52.Be6+ Kf8 53.Bxd5 Rxf6 54.Bxb7 Rf4 55.b3 c4 56.Kg3 Rf7 57.Bd5 Rg7+  1/2-1/2

[Event "Gibraltar Masters 2019"]
[Site "Caleta ENG"]
[Date "2019.01.24"]
[Round "3.28"]
[White "Libiszewski,F"]
[Black "Alekseenko,K"]
[Result "1/2-1/2"]
[WhiteElo "2481"]
[BlackElo "2637"]

1.e4 e5 2.Nf3 Nc6 3.Bc4 Bc5 4.O-O Nf6 5.d3 d6 6.c3 a6 7.a4 Ba7 8.Re1 O-O
9.h3 h6 10.Nbd2 Re8 11.Nf1 Be6 12.Bxe6 Rxe6 13.Be3 d5 14.Bxa7 Rxa7 15.exd5 Nxd5
16.d4 e4 17.Ne5 f5 18.f3 Nf4 19.fxe4 Qg5 20.Qf3 Nxe5 21.dxe5 Ra8 22.h4 Qg4
23.Nh2 Qxf3 24.Nxf3 Rg6 25.exf5 Rxg2+ 26.Kf1 Rxb2 27.Rab1 Rc2 28.Re4 Nh5
29.Rc4 Ng3+ 30.Kg1 Ne2+ 31.Kf1 Ng3+ 32.Kg1 Nxf5 33.Rxb7 Rd8 34.Nd4 Nxd4 35.Rxd4 Re8
36.Rxc7 Rxe5 37.Kf1 Rf5+ 38.Kg1 Rf3 39.Rg4 Rf7 40.Rc8+ Kh7 41.Rg2 Rxg2+ 42.Kxg2 Rf4
43.Kg3 Rxa4 44.Rc6 Ra3 45.Kg4 a5 46.Ra6 a4 47.c4 h5+ 48.Kf4 Rh3 49.Rxa4 g6
50.Kg5 Rg3+ 51.Kf6 Rg4 52.Ra1 Rxc4 53.Rh1 Rc5 54.Rf1 Kh6 55.Rf2 Rc4 56.Rh2 Rc5
57.Rf2 Rd5 58.Rf3 Rb5 59.Rf2 Ra5 60.Rf3 Rb5 61.Rf2 Rb4 62.Rh2 Re4 63.Rh1 Re2
64.Rg1 Rf2+ 65.Ke5 Ra2 66.Rh1 Ra4 67.Kf6 Rf4+ 68.Ke5 Rg4 69.Kf6 Rg3 70.Rf1 Rg2
71.Rh1 Rg4 72.Rh3 Rf4+ 73.Ke5 Ra4 74.Kf6 Ra6+ 75.Ke5 Kg7 76.Rd3 Ra4 77.Rd4 Ra3
78.Rf4 Rg3 79.Kd4 Ra3 80.Ke4 Rb3 81.Kd4 g5 82.hxg5 Kg6 83.Ke4 Kxg5 84.Rf3 Rb4+
85.Ke3 Kg4 86.Rf8 Kg3 87.Rh8 Rb3+ 88.Ke2 Rb5 89.Kf1 h4 90.Rg8+ Kh2 91.Rg2+ Kh3
92.Rg8 Rb3 93.Kg1 Rb1+ 94.Kf2 Kh2 95.Rg2+ Kh1 96.Rg4 h3 97.Rg8 Rb2+ 98.Kf1 Kh2
99.Rg7 Rb8 100.Rf7 Rb1+  1/2-1/2

[Event "Gibraltar Masters 2019"]
[Site "Caleta ENG"]
[Date "2019.01.24"]
[Round "3.27"]
[White "Akobian,V"]
[Black "Haldorsen,Benjamin"]
[Result "1/2-1/2"]
[WhiteElo "2643"]
[BlackElo "2454"]

1.d4 d5 2.Nf3 e6 3.c4 a6 4.cxd5 exd5 5.Nc3 Nf6 6.Bg5 Be6 7.e3 Nbd7 8.h3 Bd6
9.Bd3 c6 10.Bf4 Qc7 11.Qd2 h6 12.a3 Rc8 13.Rc1 Nh5 14.Bxd6 Qxd6 15.Na4 Nhf6
16.Qc2 O-O 17.O-O Rfe8 18.b4 b5 19.Nc5 Nxc5 20.dxc5 Qc7 21.Nd4 Bd7 22.a4 Ne4
23.Ra1 f5 24.Rfe1 Rf8 25.axb5 axb5 26.Ra6 Rce8 27.f4 g5 28.Rf1 Rf7 29.Qa2 Ng3
30.Rf3 gxf4 31.exf4 Ne4 32.Nxb5 cxb5 33.Qxd5 Bc8 34.Rxh6 Rd8 35.Qa2 Kg7 36.Rb6 Rxd3
37.Rxd3 Qxf4 38.Qb2+ Kh7 39.Rf3 Qg5 40.Rb8 Qd8 41.Qe5 Qd7 42.Qf4 Rg7 43.Qh4+ Kg8
44.Rd3 Qxd3 45.Rxc8+ Kf7 46.Qh5+ Ke7 47.Qe8+ Kf6 48.Qf8+ Rf7 49.Qh6+ Ke7
50.Rc7+ Kd8 51.Rxf7 Qd4+ 52.Kh2 Qe5+ 53.Kg1 Qa1+ 54.Kh2 Qe5+ 55.Kg1 Qa1+
56.Kh2 Qe5+ 57.Kg1  1/2-1/2

[Event "Gibraltar Masters 2019"]
[Site "Caleta ENG"]
[Date "2019.01.24"]
[Round "3.26"]
[White "Ubilava,E"]
[Black "Short,N"]
[Result "0-1"]
[WhiteElo "2495"]
[BlackElo "2648"]

1.d4 Nf6 2.c4 e6 3.Nc3 Bb4 4.e3 b6 5.Ne2 Ne4 6.Qc2 Bb7 7.a3 Bxc3+ 8.Nxc3 f5
9.Nxe4 Bxe4 10.Qd1 Bb7 11.f3 a5 12.Bd3 Qh4+ 13.g3 Qh5 14.O-O O-O 15.b3 d6
16.Ra2 Nd7 17.Raf2 Rae8 18.b4 axb4 19.axb4 Nf6 20.Qc2 Ra8 21.c5 bxc5 22.dxc5 Qe8
23.b5 dxc5 24.Qxc5 Qd7 25.Rd2 Qd6 26.Qxd6 cxd6 27.Bb2 Rfc8 28.Kf2 Kf7 29.Be2 Ke7
30.Rfd1 Bd5 31.Ra1 Rxa1 32.Bxa1 e5 33.Bd3 Ke6 34.Bb2 g5 35.Rc2 Ra8 36.Be2 g4
37.e4 fxe4 38.fxg4 Ra2 39.g5 Nd7 40.h4 Nb6 41.h5 Bb3 42.Bg4+ Ke7 43.Rc7+ Kd8
44.Rxh7 Rxb2+ 45.Kg1 e3 46.h6 Rb1+ 47.Kh2 Bd5 48.Rh8+ Kc7 49.Rh7+ Kb8 50.Rh8+ Nc8  0-1

[Event "Gibraltar Masters 2019"]
[Site "Caleta ENG"]
[Date "2019.01.24"]
[Round "3.25"]
[White "Eljanov,P"]
[Black "Batsiashvili,N"]
[Result "1-0"]
[WhiteElo "2680"]
[BlackElo "2459"]

1.e4 e5 2.Nf3 Nc6 3.Bb5 a6 4.Ba4 Nf6 5.d3 d6 6.c3 g6 7.O-O Bg7 8.h3 O-O 9.Be3 Qe7
10.Nbd2 Nd8 11.Re1 Ne6 12.Nf1 Nh5 13.d4 Rd8 14.Bb3 Nef4 15.N1h2 Bd7 16.Qc2 a5
17.a4 h6 18.Kh1 Bc6 19.d5 Be8 20.g4 Nf6 21.Bxf4 exf4 22.Qd2 Nxe4 23.Rxe4 Qxe4
24.Re1 Qxe1+ 25.Nxe1 b5 26.Qxf4 Rdb8 27.Nd3 Bd7 28.Nf1 g5 29.Qe4 Re8 30.Qf3 bxa4
31.Bc4 Rab8 32.Ng3 a3 33.bxa3 Bxc3 34.Nc5 dxc5 35.Qxc3  1-0

[Event "Gibraltar Masters 2019"]
[Site "Caleta ENG"]
[Date "2019.01.24"]
[Round "3.24"]
[White "Howell,D"]
[Black "Bilguun,Sumiya"]
[Result "0-1"]
[WhiteElo "2685"]
[BlackElo "2471"]

1.e4 c5 2.Nf3 e6 3.c3 d5 4.exd5 Qxd5 5.d4 Nf6 6.Na3 cxd4 7.Nb5 Na6 8.Qxd4 Bc5
9.Qxd5 Nxd5 10.Bc4 Nac7 11.Nxc7+ Nxc7 12.O-O Bd7 13.Bf4 Rc8 14.Rfe1 Bc6 15.Rad1 O-O
16.Ne5 Nd5 17.Bxd5 exd5 18.Nd3 Bb6 19.Be3 Bxe3 20.Rxe3 Rfd8 21.Ne1 Kf8 22.Nf3 Re8
23.Rde1 Rxe3 24.Rxe3 f6 25.Nd4 Bd7 26.Kf1 Rc4 27.Ke2 Ra4 28.a3 Ra6 29.Kd3 Rb6
30.Kc2 Kf7 31.Re1 a5 32.Kc1 a4 33.Re3 g6 34.Re1 Bb5 35.Nc2 Bc4 36.Rd1 Ke6
37.Nb4 Rd6 38.Kd2 Kd7 39.Re1 Bb5 40.Nc2 Bc4 41.Re3 Rb6 42.Nb4 Rd6 43.Nc2 Rb6
44.Kc1 Bf1 45.g3 Bc4 46.Nd4 Bf1 47.g4 g5 48.Kc2 Bg2 49.f3 Bf1 50.Re1 Bc4
51.h4 Bb3+ 52.Kc1 Bc4 53.Kc2 Bb3+ 54.Nxb3 axb3+ 55.Kd3 h6 56.h5 Rc6 57.Kd4 Kd6
58.Re8 Rc4+ 59.Ke3 Rxc3+ 60.Kd4 Rc4+ 61.Kd3 Rc2 62.Rh8 Rxb2 63.Rxh6 Re2 64.Rxf6+ Kc5
65.Rf7 Kb6 66.Kxe2 b2 67.h6 b1=Q 68.h7 Qc2+ 69.Ke3 Qc3+ 70.Kf2 Qd2+ 71.Kg3 Qe1+
72.Kg2 Qh4 73.Kf1 Qh2 74.Ke1 d4 75.Rd7 Kc6 76.Re7 b5 77.Kd1 d3 78.Ke1 Kd5
79.Re4 Qxh7 80.Kd2 Qxe4 81.fxe4+ Kxe4  0-1

[Event "Gibraltar Masters 2019"]
[Site "Caleta ENG"]
[Date "2019.01.24"]
[Round "3.11"]
[White "Werle,J"]
[Black "Edouard,R"]
[Result "1/2-1/2"]
[WhiteElo "2541"]
[BlackElo "2643"]

1.d4 Nf6 2.c4 e6 3.Nf3 d5 4.Nc3 c5 5.cxd5 cxd4 6.Qxd4 exd5 7.e4 Nc6 8.Bb5 dxe4
9.Qxd8+ Kxd8 10.Ng5 Be6 11.O-O Bb4 12.Ncxe4 Nxe4 13.Nxe4 Ke7 14.Bg5+ f6 15.Be3 Kf7
16.a3 Be7 17.Rac1 Rhc8 18.Nc5 Bxc5 19.Rxc5 a6 20.Be2 Ne5 21.Rfc1 Rxc5 22.Rxc5 Rc8
23.Rxc8 Bxc8 24.f4 Bg4 25.Bf1 Nc6 26.Kf2 Be6 27.h3 f5 28.Be2 Bd5 29.g4 g6
30.Kg3 Ke6 31.Bf1 Nd8 32.Bb6 Nf7 33.Bc5 b5 34.Bd3 Bb3 35.Bf8 Nd8 36.Kf2 Nc6
37.Bg7 Na5 38.Bc3 Nc4 39.gxf5+ gxf5 40.Be2 a5 41.Bh5 b4 42.axb4 axb4 43.Bg7 Nb6
44.Bd4 Nd5 45.Be5 Bc4 46.Be8 Ne7 47.Ba4 h5 48.h4 Ng6 49.Bc7 Nxh4 50.Be8 Bd5
51.Bxh5 Ng2 52.Be2 Be4 53.Bf1 Nh4 54.Bc4+ Bd5 55.Ba6 Kd7 56.Bb8 Kc6 57.Ke3 Kc5
58.Bd3 Bc4 59.Bc2 Bd5 60.Be5 Kc4 61.Bd6 Bc6 62.Be5 Bd5 63.Ke2 Be4 64.Ba4  1/2-1/2